| 000 | 01374nam a2200277 a 4500 | ||
|---|---|---|---|
| 001 | BRCA_3444 | ||
| 005 | 20190320204303.0 | ||
| 041 | _apor | ||
| 044 | _apo | ||
| 084 |
_a733 _b.R65 _c1794 |
||
| 100 | 1 |
_aCervantes Saavedra, Miguel de _d1547-1616 _9213 |
|
| 245 | 1 | 0 |
_aO Engenhoso Fidalgo Dom Quixote de la Mancha _cpor Miguel de Cervantes Saavedra. |
| 260 |
_aLisboa _bRollandiana _c1794 |
||
| 300 |
_a6 v. _c15 cm. |
||
| 500 | _aContenido : v.1. Primera parte. -- v.2. Primera parte. Texto. -- v.3. Primera parte. Texto. Final. -- v.4. Segunda parte. -- v.5. Segunda parte. Texto. -- v.6. Segunda parte. Texto. Final | ||
| 500 | _aPrimera traducción portuguesa de autor anónimo, hecha literalmente de la segunda edición de Juan de la Cuesta. Suprime los versos preliminares, las dedicatorias y prólogos de ambas partes, y deja las poesías intercaladas en español. La impresión y papel dejan mucho que desear. Piel; lomeras adornadas con dorados Lúdovik Osterc | ||
| 500 | _aQM572 | ||
| 546 | _aTexto en : portugués | ||
| 650 | 1 | 4 |
_aNovela española _yÉpoca clásica, 1500-1700 _9215 |
| 650 | 1 | 4 |
_aLiteratura española _yÉpoca clásica, 1500-1700 _9216 |
| 650 | 1 | 4 |
_aNovela española _ySiglo XVII _9217 |
| 650 | 1 | 4 |
_aDon Quijote (Personaje ficticio) _eNovela _9218 |
| 740 | 0 | _aEl Ingenioso Hidalgo Don Quijote de la Mancha | |
| 902 | _aQFM | ||
| 942 |
_2lcc _cB |
||
| 999 |
_c3180 _d3180 |
||